Представление документа в формате RUSMARC

ПолеНазваниеЗначение
  Тип записи a
  Библиографический уровень a
001 Контрольный номер RU/CBS_UL/BASE/d7f3f07368314d1386bb461c9d785707
005 Дата корректировки 20260205182446.9
100 Данные общей обработки __
a Данные общей обработки 20260205 ||| 0rusy0189 ca
101 Язык документа 0_
a Язык текста rus
102 Страна публикации __
a Страна публикации RU
200 Заглавие и сведения об ответственности 1_
a Заглавие Александра Самохина. Две капли воды
e Сведения, относящиеся к заглавию [об актрисе А. Самохиной рассказывает её дочь]
f Первые сведения об ответственности А. Самохина
g Последующие сведения об ответственности запис. И. Зайчик
300 Общие примечания __
a Общие примечания 16+
461 Уровень набора _0
1 2000
a Коллекция КАРАВАН историй
463 Уровень физической единицы _0
1 2000
a № 1
v С. 152-175 : фот.
1 2101
d 2026
1 001RU/CBS_UL/BASE/acf7af95dd5d4fbaae423ecf9693e707
600 Персоналии _1
a Персоналии (Фамилия) Самохина
b Персоналии (Имя, инициалы) А.В.
606 Тематические рубрики 0_
a Основная рубрика Самохина, Анна Владленовна (1963-2010)
610 Ключевые слова 0_
a Ключевые слова актрисы советские, актрисы российские, актрисы театра и кино, телеведущие, певицы
686 Индексы других классификаций __
2 Код системы rubbk
a Классификационный индекс 85.374(2)
700 Автор _1
a Фамилия Самохина
b Имя (инициалы) А.
801 Источник записи _0
a Страна RU
b Организация МБУК ЦБС г. Ульяновска
c Дата составления 20260205
g Правила каталогизации RCR
801 Источник записи _1
a Страна RU
b Организация МБУК ЦБС г. Ульяновска
c Дата составления 20260205
g Правила каталогизации RCR
901 Тип документа __
t Тип документа b
w Контрольный № источника RU/CBS_UL/BASE/acf7af95dd5d4fbaae423ecf9693e707
909 Создатель записи __
a Создатель записи lib1